000 00550cam a22002171 4500
001 sa 68015020
003 DLC
005 20260227112638.0
008 881102s1967 xx 000 0 hino
010 _asa 68015020
035 _a(OCoLC)23554079
040 _aDLC
_cMiU
_dDLC
042 _apremarc
050 0 0 _aPK2098.G8
_bS35
100 1 _aJaisavala, Pratapa Canda,
_d1930-
245 1 0 _aSāketa-darśana.
260 _c[1967]
300 _a124 p.
_c18 cm.
500 _aRomanized.
600 1 0 _aGupta, Maithili Sarana,
_d1886-1964.
_tSāketa.
999 _c86168
_d86168